| 000 | 00732nam a22002537a 4500 | ||
|---|---|---|---|
| 003 | OSt | ||
| 005 | 20260423160754.0 | ||
| 007 | ta | ||
| 008 | 260423b bl ||||| |||| 00| 0 por d | ||
| 020 |
_a9786584721166 _q(encad.) |
||
| 040 |
_bpor _cOSt |
||
| 041 | 1 |
_apor _heng |
|
| 082 |
_a709.81 _bP436p |
||
| 210 | _2Santídio Pereira | ||
| 240 | _aFertile landscapes | ||
| 245 | 1 | 0 |
_aSantídio Pereira : _bpaisagens férteis / |
| 260 |
_aSão Paulo : _bMuseu de Arte Moderna de São Paulo, _c2024. |
||
| 300 |
_a144 p. : _bil. ; _c24 cm |
||
| 650 | 0 | 4 | _aArte-Brasil-Exposições |
| 650 | 0 | 4 | _aArte contemporânea |
| 700 | 1 |
_aAlves, Cauê _d1977- _91141 _ecuradoria |
|
| 700 | 1 |
_aWebb, Paul _91142 _etradutor |
|
| 942 |
_2ddc _cLIV _n0 |
||
| 999 |
_c834 _d834 |
||